| 000 | 01633cam a22002298i 4500 | ||
|---|---|---|---|
| 999 |
_c14255 _d14255 |
||
| 003 | OSt | ||
| 005 | 20260317130151.0 | ||
| 008 | 220413s2023 enk b 001 0 eng | ||
| 020 |
_a9780367511449 _q(paperback) |
||
| 082 | 0 | 0 | _a720.922 |
| 100 | 1 |
_aHermansen Cordua, Christian, _eauthor. |
|
| 245 | 1 | 0 |
_aDesign build with the Scarcity and Creativity Studio / _cChristian Hermansen Cordua and Solveig Sandness. |
| 263 | _a2209 | ||
| 300 | _apages cm | ||
| 504 | _aIncludes bibliographical references and index. | ||
| 520 | _a"From its creation in January 2012, The Scarcity and Creativity studio has developed a teaching method which reaffirms a commitment to architecture as a service to society, questions the idea of the individual creator in favour of collaborative design, and challenges the traditional master-student relationship. This book documents the projects and in so doing, explains the practices and pedagogic methods which the studio has developed in relation to architecture education in general, and design build education in particular. Aimed at students, teachers and professionals who are exploring the possibilities of design build, the 16 built projects are fully documented in text, drawings and photos, and can be used as both inspiration and references. Projects are based in Norway, Finland, Chile, Ecuador (Galapagos), Kenya, South Africa, China, Argentina and Lebanon"-- | ||
| 610 | 2 | 0 | _aScarcity and Creativity Studio (Arkitektur- og designhøgskolen i Oslo) |
| 650 | 0 | _aGroup work in architecture. | |
| 650 | 0 | _aArchitects and community. | |
| 700 | 1 |
_aSandness, Solveig, _eauthor. |
|
| 942 | _2ddc | ||